| 000 | 01049cam a22001814a 4500 | ||
|---|---|---|---|
| 005 | 20250605163240.0 | ||
| 008 | 250528s ||||||||||||||||||||||||d | ||
| 035 | _a15309 | ||
| 020 | _a863310478 | ||
| 040 |
_aGR-AtMCL _bgre _dGR-AtMCL _eAACR2 |
||
| 245 | 1 | _aManagement Accounting / A Manual for Students Preparing for the Management Accounting Examination of the Association of Business Executives | |
| 260 |
_bEmile Woolf And Associates Ltd, _c1984 |
||
| 300 | _a76 | ||
| 520 | _aIntroduction to Management Accounting, Analysis of Cost Behaviour, Cost Estimation, Relevant Costs for Decisions, Budgetary Planning, Budgetary Control, Standard Costing, Output Level and Pricing Decisions, Elementary Capital Project Apraisal, Compound Interest, Discounted Cash Flow Techniques, Interpretation of Accounts, Inflation Accounting, Forecasting and Corporate Planning, Working Capital Management, Stock and Work in Progress, Debtors and Cash, Tutorial Questions, Answers to Tutorial Questions. | ||
| 942 | _cBK | ||
| 999 |
_c899 _d899 |
||